000 00577nam a2200229Ia 4500
003 OSt
005 20220928115347.0
006 a|||||r|||| 00| 0
007 ta
008 220927b |||||||| |||| 00| 0 eng d
024 _a43081
037 _cTextual
040 _aSDCL
_cSDCL
_beng
041 _2eng
_aeng
082 _aS9G, M4
100 _aLea S E G
_9443989
245 0 _aInstinct environment and behaviour.
260 _aLondon
_bMethuen
_c1984
300 _axi,148p.
_ccm.
942 _hS9G, M4
_cTEXL
_2CC
999 _c759115
_d759115